European countries closest to US states: by population - Statistics

General Stats
  • This quiz has been taken 14 times
  • The average score is 9 of 50
Answer Stats
US State European country % Correct
California Poland
82%
Alabama Ireland
55%
Texas Romania
45%
Wyoming Luxembourg
36%
Alaska Montenegro
36%
Florida Romania
36%
New York Romania
36%
Arizona Serbia
36%
Illinois Belgium
27%
Ohio Belgium
27%
Pennsylvania Belgium
27%
Indiana Serbia
27%
Kansas Albania
18%
Mississippi Albania
18%
Nevada Albania
18%
Iowa Bosnia and Herzegovina
18%
Washington Bulgaria
18%
Kentucky Croatia
18%
Maryland Denmark
18%
Missouri Denmark
18%
Hawaii Estonia
18%
Maine Estonia
18%
Colorado Finland
18%
Minnesota Finland
18%
Louisiana Ireland
18%
Georgia Portugal
18%
Massachusetts Serbia
18%
North Carolina Sweden
18%
Arkansas Albania
9%
Utah Albania
9%
New Jersey Austria
9%
Oklahoma Croatia
9%
Oregon Croatia
9%
Wisconsin Denmark
9%
Montana Estonia
9%
New Hampshire Estonia
9%
Rhode Island Estonia
9%
Michigan Hungary
9%
South Carolina Ireland
9%
Idaho Kosovo
9%
Nebraska Latvia
9%
New Mexico Macedonia
9%
Connecticut Moldova
9%
Delaware Montenegro
9%
Tennessee Serbia
9%
West Virginia Kosovo
0%
North Dakota Montenegro
0%
South Dakota Montenegro
0%
Vermont Montenegro
0%
Virginia Switzerland
0%
No matching quizzes found
Score Distribution
Percent of People with Each Score
Percentile by Number Answered
Your Score History
You have not taken this quiz